000 00465nam a2200193Ia 4500
003 IIN
005 20240125153043.0
008 231217s9999 xx 000 0 und d
020 _cRs.895.00
_a9789354656347
040 _aIIN
_bEnglish
082 _a610.7362
_bDAT
100 1 _aDatta, Parul
245 1 _aPediatric Nursing
_cParul Datta
250 _a5th ed
260 _bJaypee
_aNew Delhi
_c2022
300 _axx, 517p.
650 1 _aPediatric
942 _cBOOK
999 _c1185
_d1185